000 00674cam a2200229ua 4500
005 20210806113437.0
008 191011n ii |||gr||||Z||||||eng
020 _a9788186307250
040 _cMAIN
_aIN-DiNC
041 _deng
082 _a338.9541
_bDEV
245 _aDevelopment scenario of North-East India :
_ba holistic perspective /
_cedied by Jaynal Ud-din Ahmed .
250 _a1st ed.
260 _aGuwahati:
_bDVS publishers,
_c2010.
300 _axiv, 330p.
650 _aEconomic development
650 _aNorth East India
653 _aProduction
653 _aDevelopment of North-east
700 _aAhmed, Jaynal Ud-din
_eEditor
942 _cBK
_2ddc
999 _c10417
_d10417